[Event "Perth op"]
[Site "Perth"]
[Date "2023.01.07"]
[Round "9"]
[White "Qi, Zhe"]
[Black "Liu, Yi"]
[Result "1/2-1/2"]
[WhiteElo "2087"]
[BlackElo "2303"]
[PlyCount "77"]
[EventDate "2023.01.02"]
[EventType "swiss"]
[EventRounds "11"]
[EventCountry "AUS"]
[SourceTitle "CBM 212 Extra"]
[Source "ChessBase"]
[SourceDate "2023.03.31"]
[SourceVersion "1"]
[SourceVersionDate "2023.03.31"]
[SourceQuality "1"]

1. d4 d5 2. Bf4 c5 3. e3 Nc6 4. c3 Qb6 5. Qb3 c4 6. Qc2 e5 7. dxe5 Bf5 8. Qc1 g5 9. Bg3 h5 10. h4 g4 11. Nd2 0-0-0 12. Ne2 Bg7 13. Nd4 Nge7 14. b3 Bxe5 15. Bxe5 Nxe5 16. Qa3 Rhe8 17. bxc4 Nd3+ 18. Bxd3 Bxd3 19. c5 Qh6 20. 0-0-0 Kb8 21. N2b3 Ba6 22. g3 Rc8 23. Rd2 Rc7 24. Kb2 Ng6 25. Qa4 Re4 26. c6 Ne5 27. Ka1 Nc4 28. Rb1 Nxd2 29. Nxd2 Rxd4 30. cxd4 Qxc6 31. Qb4 Bd3 32. Rb3 Bg6 33. Nb1 Qc1 34. Qf8+ Rc8 35. Qb4 b6 36. Qd6+ Rc7 37. Qd8+ Rc8 38. Rxb6+ axb6 39. Qxb6+ 1/2-1/2